000 00471nam a2200181Ia 4500
001 16987
005 20260306170351.0
008 260306t2001||||xx |||||||||||||| ||und||
041 _aESP
082 _a657.42
_bC95
100 _aCuevas Villegas, Carlos Fernando
_eAUT
245 0 _aContabilidad de costos:
_benfoque gerencial y de gestión
260 _c2001
300 _axiv, 314páginas :
_c25 cm.
650 _aGEN
654 _aCCO
942 _cLIB
_dJUS
_fJUS
_2ddc
_n
999 _c16987
_d16987